| 000 | 00505nam a2200181Ia 4500 | ||
|---|---|---|---|
| 001 | 16567 | ||
| 005 | 20260306170319.0 | ||
| 008 | 260306t2010||||xx |||||||||||||| ||und|| | ||
| 041 | _aESP | ||
| 082 |
_a348.621J _bP75 |
||
| 100 |
_aPolanco Gutiérrez, Carlos Enrique _eAUT |
||
| 245 | 0 |
_aEl derecho y el revés de los pensionistas y servidores públicos: _buna visión a través de la jurisprudencia |
|
| 260 | _c2010 | ||
| 300 |
_a _c |
||
| 650 | _aGEN | ||
| 654 | _aCDE | ||
| 942 |
_cLIB _dJUS _fJUS _2ddc _n |
||
| 999 |
_c16567 _d16567 |
||